Statistiques concernant Manchester City - Les joueurs à plus de 100 matchs

Cliquez ici pour prendre le quiz!

Statistiques générales

  • Ce quiz a été pris 789 fois
    (334 depuis la dernière actualisation)
  • Le résultat moyen est 22 sur 40

Statistiques - réponses

PJoueursMatchs% Correct
MKevin De Bruyne356
96%
GEderson289
95%
ASergio Aguero390
95%
MBernardo Silva306
92%
MDavid Silva436
90%
DRuben Dias132
89%
DKyle Walker248
87%
GJoe Hart451
85%
DVincent Kompany360
80%
MRodri204
78%
DJohn Stones230
76%
MPhil Foden217
76%
ARaheem Sterling339
76%
MYaya Toure316
73%
MFernandinho383
66%
MIlkay Gundogan304
65%
DKolo Toure102
62%
MRiyad Mahrez236
62%
AGabriel Jesus236
55%
MSamir Nasri176
55%
DJoao Cancelo151
53%
DAymeric Laporte180
50%
ALeroy Sané134
49%
AEdin Dzeko189
48%
DGael Clichy203
45%
DPablo Zabaleta333
45%
DOleksandr Zinchenko134
42%
DNicolas Otamendi210
39%
MFernando102
37%
ACarlos Tevez148
36%
MJames Milner203
32%
DAleksandar Kolarov247
29%
MJesus Navas183
26%
DJoleon Lescott160
22%
DMartin Demichelis106
20%
DMicah Richards245
19%
MGareth Barry175
15%
MShaun Wright-Phillips275
11%
MNigel De Jong137
7%
DNedum Onuoha115
1%

Distribution des résultats

Percentile par nombre de réponses

% des personnes avec chaque résultat

Votre développement - résultats

Vous n’avez pas pris ce quiz depuis la dernière actualisation